Na Slovensku rýchlejšie Malá privatizácia po roku

Bibliographic Details
Main Author: (bg) (Author)
Format: Article
Language:Slovak
Subjects:

MARC

LEADER 00000nab a2200000 a 4500
001 vtls000444741
003 SK-MaSNL
005 20260304203810.0
008 120926c1992 xo 0 slo
015 |a SNBRB19rr/mm-uuuuu 
035 |a CL0444871 
040 |a SNKBUCL  |b slo  |c SNKBUCL  |e AACR2 
041 0 |a slo 
044 |a xo  |c SK 
080 |a 330.526.5  |2 1981 
100 0 |a (bg)  |4 aut  |9 1536304 
245 1 0 |a Na Slovensku rýchlejšie  |b Malá privatizácia po roku  |c (bg) 
650 0 7 |a ekonomika SR  |2 snkbucl  |9 963262 
650 0 7 |a privatizácia malá  |2 snkbucl  |9 882306 
655 7 |a články z novín a časopisov  |2 snkbucl  |9 267496 
773 0 |t Verejnosť  |g Roč. 3, č. 55 (5. 3. 1992), s. 1 a 2 
850 |a Slovenská národná knižnica v Martine  |a MTA001 
852 |a SNK  |b KIS3GCP 
958 |a RK 
992 |a RBX 
999 |c 3112221  |d 3114151